[Event "ROM-ch U08"]
[Site "Calimanesti Caciulata"]
[Date "2016.04.25"]
[Round "9"]
[White "Gombas, Csongor"]
[Black "Meca, Rares Stefan"]
[Result "1/2-1/2"]
[WhiteElo "1001"]
[BlackElo "1163"]
[PlyCount "55"]
[EventDate "2016.04.18"]
[EventType "swiss"]
[EventRounds "9"]
[EventCountry "ROU"]
[SourceTitle "EXT 2017"]
[Source "ChessBase"]
[SourceDate "2016.10.25"]
[SourceVersion "1"]
[SourceVersionDate "2016.10.25"]
[SourceQuality "1"]

1. c4 e5 2. Nc3 Nf6 3. e3 Nc6 4. g3 Bc5 5. Bg2 0-0 6. Nge2 d6 7. 0-0 Bg4 8. d3 Bxe2 9. Qxe2 Bb4 10. Bd2 Bxc3 11. Bxc3 d5 12. Rad1 Qe7 13. cxd5 Nb4 14. e4 Nxa2 15. f4 Qc5+ 16. d4 Nxc3 17. bxc3 Qb6 18. fxe5 Nd7 19. e6 fxe6 20. dxe6 Qxe6 21. e5 c6 22. Be4 Rxf1+ 23. Rxf1 b5 24. Qh5 g6 25. Qh6 Rf8 26. Rxf8+ Nxf8 27. Qf4 Qf7 28. Bxc6 1/2-1/2